<?xml version="1.0" encoding="UTF-8"?><?xml-stylesheet type="text/xsl" href="static/style.xsl"?><OAI-PMH xmlns="http://www.openarchives.org/OAI/2.0/" xmlns:xsi="http://www.w3.org/2001/XMLSchema-instance" xsi:schemaLocation="http://www.openarchives.org/OAI/2.0/ http://www.openarchives.org/OAI/2.0/OAI-PMH.xsd"><responseDate>2026-04-17T02:40:45Z</responseDate><request verb="GetRecord" identifier="oai:www.recercat.cat:11351/13055" metadataPrefix="marc">https://recercat.cat/oai/request</request><GetRecord><record><header><identifier>oai:recercat.cat:11351/13055</identifier><datestamp>2025-05-10T03:11:48Z</datestamp><setSpec>com_2072_378070</setSpec><setSpec>com_2072_378040</setSpec><setSpec>col_2072_378092</setSpec></header><metadata><record xmlns="http://www.loc.gov/MARC21/slim" xmlns:dcterms="http://purl.org/dc/terms/" xmlns:xsi="http://www.w3.org/2001/XMLSchema-instance" xmlns:doc="http://www.lyncode.com/xoai" xsi:schemaLocation="http://www.loc.gov/MARC21/slim http://www.loc.gov/standards/marcxml/schema/MARC21slim.xsd">
   <leader>00925njm 22002777a 4500</leader>
   <datafield ind2=" " ind1=" " tag="042">
      <subfield code="a">dc</subfield>
   </datafield>
   <datafield ind2=" " ind1=" " tag="720">
      <subfield code="a">Hecht, Joel</subfield>
      <subfield code="e">author</subfield>
   </datafield>
   <datafield ind2=" " ind1=" " tag="720">
      <subfield code="a">Digklia, Antonia</subfield>
      <subfield code="e">author</subfield>
   </datafield>
   <datafield ind2=" " ind1=" " tag="720">
      <subfield code="a">Rottey, Sylvie</subfield>
      <subfield code="e">author</subfield>
   </datafield>
   <datafield ind2=" " ind1=" " tag="720">
      <subfield code="a">Oberoi, Arjun</subfield>
      <subfield code="e">author</subfield>
   </datafield>
   <datafield ind2=" " ind1=" " tag="720">
      <subfield code="a">GARRALDA, Elena</subfield>
      <subfield code="e">author</subfield>
   </datafield>
   <datafield ind2=" " ind1=" " tag="720">
      <subfield code="a">Chon, Hong Jae</subfield>
      <subfield code="e">author</subfield>
   </datafield>
   <datafield ind2=" " ind1=" " tag="260">
      <subfield code="c">2025-05-09T06:00:47Z</subfield>
   </datafield>
   <datafield ind2=" " ind1=" " tag="260">
      <subfield code="c">2025-05-09T06:00:47Z</subfield>
   </datafield>
   <datafield ind2=" " ind1=" " tag="260">
      <subfield code="c">2025-03</subfield>
   </datafield>
   <datafield ind2=" " ind1=" " tag="520">
      <subfield code="a">Hepatocellular carcinoma; Liver metastasis; Solid tumor</subfield>
   </datafield>
   <datafield ind2=" " ind1=" " tag="520">
      <subfield code="a">Carcinoma hepatocelular; Metástasis hepática; Tumor sólido</subfield>
   </datafield>
   <datafield ind2=" " ind1=" " tag="520">
      <subfield code="a">Carcinoma hepatocel·lular; Metàstasi hepàtica; Tumor sòlid</subfield>
   </datafield>
   <datafield ind2=" " ind1=" " tag="520">
      <subfield code="a">Background&#xd;
Newer effective therapies are needed for patients with solid tumors with liver metastases and unresectable hepatocellular carcinoma (HCC).&#xd;
Methods&#xd;
Part 1 (dose exploration) evaluated intrahepatic talimogene laherparepvec (T-VEC) injection in group A (non-HCC liver metastases) and group B (HCC). Cohorts 1-4 received T-VEC monotherapy; cohorts 5 and 6 received T-VEC+pembrolizumab. Part 2 (dose expansion) evaluated intrahepatic or intratumoral T-VEC+pembrolizumab in non-HCC solid tumors. The primary endpoints were dose-limiting toxicities (DLTs) in part 1; objective response rate (ORR) per modified irRC-RECIST and safety in part 2.&#xd;
Results&#xd;
Part 1 enrolled 28 and 46 patients to receive T-VEC and T-VEC+pembrolizumab, respectively. Three patients reported DLTs (T-VEC, n = 2 grade 3 abdominal pain and aspartate transaminase increase; T-VEC+pembrolizumab, n = 1 grade 3 cholestatic hepatitis). ORR (secondary endpoint) with T-VEC was 0%; ORR (95% CI) with T-VEC+pembrolizumab was 8.3% (1.0, 27.0) for non-HCC and 13.6% (2.9, 34.9) for HCC. Part 2 enrolled 53 patients; ORR (95% CI) was 0% (0.0, 30.8)-20.0% (0.5, 71.6) across 5 tumor types, with 16.7% (95% CI: 3.6, 41.4) for triple-negative breast cancer with the largest sample size (n = 18). Safety findings were consistent with the therapies administered.&#xd;
Conclusions&#xd;
Limited efficacy across tumor types evaluated limit further evaluation of intrahepatic T-VEC+pembrolizumab in this patient population.&#xd;
ClinicalTrials.gov Identifier&#xd;
NCT02509507.</subfield>
   </datafield>
   <datafield ind2=" " ind1=" " tag="520">
      <subfield code="a">Medical writing support was provided by Shubha Dastidar, PhD, CMPP (Cactus Life Sciences, part of Cactus Communications) and was funded by Amgen Inc. The study was sponsored and funded by Amgen Inc. This study is in collaboration with Merck Sharp &amp; Dohme LLC, a subsidiary of Merck &amp; Co., Inc., Rahway, NJ, USA. This study was sponsored by Amgen Inc.</subfield>
   </datafield>
   <datafield ind1="8" ind2=" " tag="024">
      <subfield code="a">http://hdl.handle.net/11351/13055</subfield>
   </datafield>
   <datafield tag="653" ind2=" " ind1=" ">
      <subfield code="a">Medicaments biològics - Ús terapèutic</subfield>
   </datafield>
   <datafield tag="653" ind2=" " ind1=" ">
      <subfield code="a">Metàstasi hepàtica - Tractament</subfield>
   </datafield>
   <datafield tag="653" ind2=" " ind1=" ">
      <subfield code="a">Medicaments antineoplàstics - Ús terapèutic</subfield>
   </datafield>
   <datafield tag="653" ind2=" " ind1=" ">
      <subfield code="a">Càncer - Tractament</subfield>
   </datafield>
   <datafield tag="653" ind2=" " ind1=" ">
      <subfield code="a">Anticossos monoclonals - Ús terapèutic</subfield>
   </datafield>
   <datafield tag="653" ind2=" " ind1=" ">
      <subfield code="a">DISEASES::Neoplasms::Neoplasms::Neoplasms by Site::Digestive System Neoplasms::Liver Neoplasms::Carcinoma, Hepatocellular</subfield>
   </datafield>
   <datafield tag="653" ind2=" " ind1=" ">
      <subfield code="a">Other subheadings::Other subheadings::Other subheadings::/drug therapy</subfield>
   </datafield>
   <datafield tag="653" ind2=" " ind1=" ">
      <subfield code="a">DISEASES::Neoplasms::Neoplasms by Site::Digestive System Neoplasms::Liver Neoplasms</subfield>
   </datafield>
   <datafield tag="653" ind2=" " ind1=" ">
      <subfield code="a">CHEMICALS AND DRUGS::Chemical Actions and Uses::Pharmacologic Actions::Therapeutic Uses::Antineoplastic Agents::Antineoplastic Agents, Immunological</subfield>
   </datafield>
   <datafield tag="653" ind2=" " ind1=" ">
      <subfield code="a">ANALYTICAL, DIAGNOSTIC AND THERAPEUTIC TECHNIQUES, AND EQUIPMENT::Therapeutics::Biological Therapy::Oncolytic Virotherapy</subfield>
   </datafield>
   <datafield tag="653" ind2=" " ind1=" ">
      <subfield code="a">ENFERMEDADES::neoplasias::neoplasias::neoplasias por localización::neoplasias del sistema digestivo::neoplasias hepáticas::carcinoma hepatocelular</subfield>
   </datafield>
   <datafield tag="653" ind2=" " ind1=" ">
      <subfield code="a">Otros calificadores::Otros calificadores::Otros calificadores::/farmacoterapia</subfield>
   </datafield>
   <datafield tag="653" ind2=" " ind1=" ">
      <subfield code="a">ENFERMEDADES::neoplasias::neoplasias por localización::neoplasias del sistema digestivo::neoplasias hepáticas</subfield>
   </datafield>
   <datafield tag="653" ind2=" " ind1=" ">
      <subfield code="a">COMPUESTOS QUÍMICOS Y DROGAS::acciones y usos químicos::acciones farmacológicas::usos terapéuticos::antineoplásicos::inmunoterapia antineoplásica</subfield>
   </datafield>
   <datafield tag="653" ind2=" " ind1=" ">
      <subfield code="a">TÉCNICAS Y EQUIPOS ANALÍTICOS, DIAGNÓSTICOS Y TERAPÉUTICOS::terapéutica::terapia biológica::viroterapia oncolítica</subfield>
   </datafield>
   <datafield ind2="0" ind1="0" tag="245">
      <subfield code="a">Phase Ib/II trial of talimogene laherparepvec alone and with pembrolizumab in advanced solid tumors with liver metastases and hepatocellular carcinoma</subfield>
   </datafield>
</record></metadata></record></GetRecord></OAI-PMH>